Sanitary and environment engineering : relevance and concerns / Rok Fink. (Record no. 22514)
| 000 -LEADER | |
|---|---|
| fixed length control field | 00525nam a22001577a 4500 |
| 020 ## - INTERNATIONAL STANDARD BOOK NUMBER | |
| ISBN | 9783036577531(ebook) |
| 082 ## - DEWEY DECIMAL CLASSIFICATION NUMBER | |
| Classification number | 628 |
| Item number | F499s 2023 |
| 100 ## - MAIN ENTRY--AUTHOR NAME | |
| Personal name | Fink, Rok, editor. |
| 245 ## - TITLE STATEMENT | |
| Title | Sanitary and environment engineering : relevance and concerns / Rok Fink. |
| 260 ## - PUBLICATION, DISTRIBUTION, ETC. (IMPRINT) | |
| Place of publication | Basel, Switzerland : |
| Name of publisher | MDPI, |
| Year of publication | 2023. |
| 300 ## - PHYSICAL DESCRIPTION | |
| Number of Pages | 1 online resource, ix, 165 pages : |
| Other physical details | illustrations. |
| 490 ## - SERIES STATEMENT | |
| Series statement | special issue report |
| 500 ## - GENERAL NOTE | |
| General note | includes bibliographical references. |
| 650 ## - SUBJECT ADDED ENTRY--TOPICAL TERM | |
| Topical Term | Environmental engineering. |
| 942 ## - ADDED ENTRY ELEMENTS (KOHA) | |
| Koha item type | Electronic Books |
| Source of acquisition | Permanent Location | Date acquired | Collection code | Koha item type | Lost status | Shelving location | Withdrawn status | Current Location | Full call number |
|---|---|---|---|---|---|---|---|---|---|
| Donation | Cagayan State University - Carig Library | 2026-04-15 | E-Books | Electronic Books | E-Resource Section | Cagayan State University - Carig Library | 628 F499s 2023 |